[Event "IECG CP.2007.Q.00021 email"]
[Site "IECG email"]
[Date "2009.01.15"]
[Round "?"]
[White "Shillingberg, John"]
[Black "Lombart, Philippe"]
[Result "0-1"]
[WhiteElo "1168"]
[BlackElo "1879"]
[PlyCount "32"]
[EventDate "2009.01.15"]
[EventType "tourn (corr)"]
[EventRounds "6"]
[SourceTitle "Corr 2024"]
[Source "ChessBase"]
[SourceDate "2023.10.19"]
[SourceVersion "1"]
[SourceVersionDate "2023.10.19"]
[SourceQuality "1"]

1. e4 e5 2. Nc3 Nf6 3. f4 d5 4. fxe5 Nxe4 5. Nf3 Be7 6. Qe2 Nxc3 7. dxc3 c5 8. Bf4 Nc6 9. 0-0-0 Be6 10. h4 h6 11. Qb5 a6 12. Qe2 Qa5 13. a3 b5 14. Kb1 b4 15. cxb4 cxb4 16. Bd2 0-0 0-1

[Event "IECG CP.2007.P.00067 email"]
[Site "IECG email"]
[Date "2007.10.01"]
[Round "?"]
[White "Barlow, Anthony"]
[Black "Shillingberg, John"]
[Result "0-1"]
[WhiteElo "800"]
[BlackElo "1100"]
[PlyCount "58"]
[EventDate "2007.10.01"]
[EventType "tourn (corr)"]
[EventRounds "6"]
[EventCountry "ARG"]
[SourceTitle "Corr 2024"]
[Source "ChessBase"]
[SourceDate "2023.10.19"]
[SourceVersion "1"]
[SourceVersionDate "2023.10.19"]
[SourceQuality "1"]

1. e4 e6 2. Nf3 d5 3. e5 c5 4. Nc3 d4 5. Ne4 Nc6 6. d3 f5 7. Bg5 Qc7 8. c4 fxe4 9. dxe4 Nxe5 10. Bf4 Nxf3+ 11. Qxf3 Qf7 12. e5 Ne7 13. Be2 Ng6 14. g3 Be7 15. h4 0-0 16. h5 Nxf4 17. gxf4 Qxf4 18. h6 Qxf3 19. Bxf3 Rxf3 20. Rg1 g6 21. Ke2 Rf5 22. f4 Rxf4 23. b3 Bd7 24. a3 Raf8 25. Rxg6+ hxg6 26. Rh1 Rf2+ 27. Ke1 d3 28. h7+ Kh8 29. Rh6 Re2+ 0-1

[Event "IECC Swiss-487.4"]
[Site "IECC email"]
[Date "2006.05.23"]
[Round "?"]
[White "Chedid, Rafael Antonio"]
[Black "Shillingberg, John"]
[Result "0-1"]
[WhiteElo "1251"]
[BlackElo "1139"]
[PlyCount "51"]
[EventDate "2006.??.??"]
[EventType "swiss (corr)"]
[EventRounds "1"]
[SourceTitle "Corr 2020"]
[Source "ChessBase"]
[SourceDate "2019.09.30"]
[SourceVersion "1"]
[SourceVersionDate "2019.09.30"]
[SourceQuality "1"]
[WhiteTeam "Brazil"]
[BlackTeam "Canada"]
[WhiteTeamCountry "BRA"]
[BlackTeamCountry "CAN"]

1. e4 e5 2. Nf3 Nc6 3. Bc4 Bc5 4. b4 Bxb4 5. c3 Ba5 6. 0-0 Nf6 7. d4 Nxe4 8. dxe5 0-0 9. Qc2 d5 10. exd6 Nxd6 11. Bd3 h6 12. Bb2 Bg4 13. Nbd2 Re8 14. Rfe1 Qd7 15. Rxe8+ Rxe8 16. c4 Nb4 17. Qc3 f6 18. Nb3 Bxf3 19. gxf3 Nxd3 20. Qxd3 Be1 21. Bc3 Bxc3 22. Qxc3 Qh3 23. c5 Re5 24. Qd2 Rh5 25. Qf4 Nf5 26. c6 0-1

[Event "IECC M-5057"]
[Site "IECC email"]
[Date "2004.06.17"]
[Round "?"]
[White "Shillingberg, John"]
[Black "Czerwinski, Jose L"]
[Result "0-1"]
[WhiteElo "1140"]
[BlackElo "1200"]
[PlyCount "92"]
[EventDate "2004.??.??"]
[EventType "tourn (corr)"]
[EventRounds "10"]
[SourceTitle "Corr 2020"]
[Source "ChessBase"]
[SourceDate "2019.09.30"]
[SourceVersion "1"]
[SourceVersionDate "2019.09.30"]
[SourceQuality "1"]
[WhiteTeam "Canada"]
[BlackTeam "Argentina"]
[WhiteTeamCountry "CAN"]
[BlackTeamCountry "ARG"]

1. e4 e6 2. d4 d5 3. e5 c5 4. c3 Nc6 5. Nf3 Qb6 6. Bd3 cxd4 7. cxd4 Bd7 8. Be2 Nge7 9. Nc3 Nf5 10. Na4 Qa5+ 11. Nc3 Qb6 12. Na4 Bb4+ 13. Kf1 Qc7 14. a3 Be7 15. Bf4 0-0 16. Rc1 f6 17. Nc5 fxe5 18. Nxe5 Nfxd4 19. Nxc6 Qxf4 20. Nxe7+ Kh8 21. Nd3 Qf6 22. Rc7 Bb5 23. f3 Nxe2 24. Qxe2 Qd4 25. Rc3 Rae8 26. Qf2 Bxd3+ 27. Kg1 Qf4 28. Rxd3 Qc1+ 29. Qf1 Qxb2 30. Nxd5 exd5 31. h3 Rf5 32. Kh2 Qe5+ 33. Kg1 Qf4 34. Qf2 Rfe5 35. Rd1 Re2 36. Qf1 Qg3 37. h4 Re1 38. Rh3 Rxf1+ 39. Rxf1 Qf4 40. Rd1 d4 41. h5 Qe3+ 42. Kh2 d3 43. Rh4 d2 44. h6 Qe1 45. hxg7+ Kxg7 46. Rg4+ Kh8 0-1

[Event "IECC M-4792"]
[Site "IECC email"]
[Date "2003.07.28"]
[Round "?"]
[White "Lima, Omega"]
[Black "Shillingberg, John"]
[Result "0-1"]
[WhiteElo "1129"]
[BlackElo "1123"]
[PlyCount "126"]
[EventDate "2003.??.??"]
[EventType "tourn (corr)"]
[EventRounds "10"]
[SourceTitle "Corr 2020"]
[Source "ChessBase"]
[SourceDate "2019.09.30"]
[SourceVersion "1"]
[SourceVersionDate "2019.09.30"]
[SourceQuality "1"]
[WhiteTeam "France"]
[BlackTeam "Canada"]
[WhiteTeamCountry "FRA"]
[BlackTeamCountry "CAN"]

1. e4 c5 2. Nf3 Nc6 3. d4 cxd4 4. Nxd4 Nf6 5. Nc3 d6 6. Bb5 Bd7 7. 0-0 g6 8. Nxc6 bxc6 9. Ba6 Bg7 10. Bf4 Qb6 11. Qd3 0-0 12. Bc4 Ng4 13. Na4 Qd4 14. Rad1 Qxd3 15. Rxd3 Ne5 16. Bxe5 Bxe5 17. Rb3 Rfb8 18. Rd1 Kg7 19. h4 Rxb3 20. Bxb3 f5 21. Nc5 Bc8 22. Ne6+ Bxe6 23. Bxe6 fxe4 24. c3 Rd8 25. Bg4 h5 26. Be6 Kf6 27. Bb3 e6 28. f3 Bg3 29. fxe4 Ke5 30. Rf1 Bxh4 31. Ba4 Rc8 32. Bc2 Rb8 33. b4 c5 34. bxc5 dxc5 35. Rb1 Rc8 36. Rb5 Be1 37. c4 Bc3 38. Kh2 Rc7 39. Rb1 Rf7 40. Kg3 g5 41. Rd1 Rf4 42. Kh2 Rf2 43. Bb1 Kf4 44. a4 Be5 45. a5 a6 46. Kg1 Rb2 47. Rf1+ Ke3 48. Rc1 Bf4 49. Kf1 Bg3 50. Rc3+ Kd4 51. Rc1 g4 52. Bc2 h4 53. Ba4 h3 54. gxh3 gxh3 55. Kg1 Kxe4 56. Bd7 h2+ 57. Kh1 e5 58. Bc8 Ra2 59. Bxa6 Rxa5 60. Bc8 Ra2 61. Bb7+ Kd4 62. Rd1+ Ke3 63. Rb1 e4 0-1

[Event "IECC CL7-2003.12 email"]
[Site "IECC email"]
[Date "2003.05.13"]
[Round "?"]
[White "Embrechts, Wim"]
[Black "Shillingberg, John"]
[Result "0-1"]
[WhiteElo "1167"]
[BlackElo "1035"]
[PlyCount "46"]
[EventDate "2003.??.??"]
[EventType "tourn (corr)"]
[EventRounds "4"]
[SourceTitle "Corr 2008"]
[Source "ChessBase"]
[SourceDate "2008.06.24"]
[SourceVersion "1"]
[SourceVersionDate "2008.06.24"]
[SourceQuality "1"]

1. e4 c5 2. d3 Nc6 3. Nf3 e6 4. Nc3 Nf6 5. Be3 d5 6. e5 Nd7 7. Be2 d4 8. Bd2 dxc3 9. Bxc3 Be7 10. 0-0 0-0 11. d4 cxd4 12. Nxd4 Ndxe5 13. f4 Bc5 14. fxe5 Bxd4+ 15. Kh1 Bxc3 16. bxc3 Qxd1 17. Raxd1 Nxe5 18. Rd2 Bd7 19. Rb1 Bc6 20. Rbd1 Bd5 21. a3 Rac8 22. Rxd5 exd5 23. Rxd5 f6 0-1

[Event "IECC CL7-2003.12 email"]
[Site "IECC email"]
[Date "2003.05.13"]
[Round "?"]
[White "Shillingberg, John"]
[Black "Copin, Jean Christophe"]
[Result "1-0"]
[WhiteElo "1057"]
[BlackElo "1207"]
[PlyCount "47"]
[EventDate "2003.??.??"]
[EventType "tourn (corr)"]
[EventRounds "4"]
[SourceTitle "Corr 2008"]
[Source "ChessBase"]
[SourceDate "2008.06.24"]
[SourceVersion "1"]
[SourceVersionDate "2008.06.24"]
[SourceQuality "1"]

1. e4 e6 2. d4 d5 3. e5 c5 4. c3 c4 5. Nf3 h6 6. Be2 g5 7. 0-0 Be7 8. Be3 f5 9. exf6 Bxf6 10. Ne5 Ne7 11. Bh5+ Kf8 12. Nf7 Qb6 13. Nxh8 Qxb2 14. Ng6+ Nxg6 15. Bxg6 Qxa1 16. Qc2 Nc6 17. Na3 Qxf1+ 18. Kxf1 a6 19. Bh5 Ne7 20. Qh7 Bg7 21. h4 e5 22. g4 gxh4 23. Bxh6 Bxh6 24. Qf7# 1-0

[Event "IECG TG-2003-0-14821"]
[Site "IECG email"]
[Date "2003.03.03"]
[Round "2"]
[White "Gaillard, Olivier"]
[Black "Shillingberg, John"]
[Result "0-1"]
[WhiteElo "748"]
[BlackElo "800"]
[PlyCount "50"]
[EventDate "2003.03.03"]
[EventType "tourn (corr)"]
[EventRounds "6"]
[SourceTitle "Corr 2024"]
[Source "ChessBase"]
[SourceDate "2023.10.19"]
[SourceVersion "1"]
[SourceVersionDate "2023.10.19"]
[SourceQuality "1"]

1. d4 Nf6 2. c4 e6 3. Nf3 b6 4. g3 Bb7 5. Bg2 Be7 6. 0-0 0-0 7. Nc3 Ne4 8. Nxe4 Bxe4 9. Nh4 Bxg2 10. Nxg2 d5 11. b3 dxc4 12. bxc4 c5 13. Bb2 Bf6 14. e3 Nc6 15. Qa4 Rc8 16. Ba3 Re8 17. Rfd1 cxd4 18. Rac1 d3 19. f4 e5 20. c5 e4 21. Rc4 Qd5 22. Ne1 Na5 23. Rcc1 d2 24. Rc2 dxe1Q+ 25. Rxe1 Qd3 0-1

[Event "IECC O email"]
[Site "IECC email"]
[Date "2003.02.26"]
[Round "?"]
[White "Robertson, John"]
[Black "Shillingberg, John"]
[Result "0-1"]
[WhiteElo "934"]
[BlackElo "1000"]
[PlyCount "46"]
[EventDate "2003.??.??"]
[EventType "tourn (corr)"]
[EventRounds "6"]
[SourceTitle "Corr 2008"]
[Source "ChessBase"]
[SourceDate "2008.06.24"]
[SourceVersion "1"]
[SourceVersionDate "2008.06.24"]
[SourceQuality "1"]

1. e4 c5 2. c4 Nc6 3. Nf3 e5 4. Nc3 Nf6 5. Be2 d6 6. 0-0 Be7 7. d3 0-0 8. b3 Bd7 9. Nd5 Nxd5 10. cxd5 Nb4 11. a3 Na6 12. Bd2 f5 13. Bc3 Nc7 14. Bd2 Qe8 15. a4 Qg6 16. exf5 Bxf5 17. h3 Bxh3 18. g3 Bxf1 19. Qxf1 Nxd5 20. Qh3 e4 21. Ne1 Qf6 22. f3 e3 23. Bc1 Qxa1 0-1